Memorias de tiempos de Fernando VII / (Record n. 8101)

Dettagli MARC
000 -LEADER
fixed length control field 00786nam a2200229 i 4500
003 - CONTROL NUMBER IDENTIFIER
control field IT-RoINE
005 - DATE AND TIME OF LATEST TRANSACTION
control field 20170601074940.0
008 - FIXED-LENGTH DATA ELEMENTS--GENERAL INFORMATION
fixed length control field 930725s1957 sp |r 001 0 spa d
040 ## - CATALOGING SOURCE
Original cataloging agency SpMaBN
Language of cataloging spa
Transcribing agency A2 IT-RoINE
Modifying agency IT-RoINE
245 10 - TITLE STATEMENT
Title Memorias de tiempos de Fernando VII /
Statement of responsibility, etc edición y estudio preliminar de Miguel Artola.
260 ## - PUBLICATION, DISTRIBUTION, ETC. (IMPRINT)
Place of publication, distribution, etc Madrid :
Name of publisher, distributor, etc Atlas,
Date of publication, distribution, etc 1957.
300 ## - PHYSICAL DESCRIPTION
Extent 2 v. ;
Dimensions 26 cm.
336 ## - CONTENT TYPE
Source rdacontent
Content type term text
337 ## - MEDIA TYPE
Source rdamedia
Media type term unmediated
338 ## - CARRIER TYPE
Source rdacarrier
Carrier type term volume
490 10 - SERIES STATEMENT
Series statement Biblioteca de autores españoles ;
Volume number/sequential designation 97-98
500 ## - GENERAL NOTE
General note Inlcuye índice.
651 #4 - SUBJECT ADDED ENTRY--GEOGRAPHIC NAME
9 (RLIN) 16723
Geographic name España
General subdivision Historia
Chronological subdivision 1814-1833 (Fernando VII)
Form subdivision Relatos personales
700 1# - ADDED ENTRY--PERSONAL NAME
9 (RLIN) 8075
Personal name Artola, Miguel,
Dates associated with a name 1923-
830 #0 - SERIES ADDED ENTRY--UNIFORM TITLE
9 (RLIN) 12318
Uniform title Biblioteca de autores españoles
942 ## - ADDED ENTRY ELEMENTS (KOHA)
Item type Monografías
Dati di copia
Withdrawn status Lost status Damaged status Not for loan Home library Current library Date acquired Total Checkouts Full call number Barcode Date last seen Price effective from Koha item type Public note
        Iglesia Nacional Española en Roma Iglesia Nacional Española en Roma 18/02/2015   COL.A 20.97 10897 18/02/2015 18/02/2015 Monografías V. 1.
        Iglesia Nacional Española en Roma Iglesia Nacional Española en Roma 18/02/2015   COL.A 20.98 10899 18/02/2015 18/02/2015 Monografías V. 2.